Czy umiesz zdać egzamin z matematyki ? - Statystyki

Ogólne statystyki
  • Ten quiz został rozwiązany 72 razy
  • Średni wynik to 7 z 15
Statystyki odpowiedzi
Zagadnienie Odpowiedź % Poprawnych
Wyrażenie √144 + √25 jest równe: D.17
80%
Przeczytaj tekst i wykonaj polecenie: Składniki na 8 gofrów: 1 i 1/2 szklanki mąki, 1 i 1/3 szklanki mleka, 2 jajka, 1 i 1/2 łyżeczki proszku do pieczenia, 2 łyżeczki cukru pudru, 1/2 szklanki oleju, szczypta soli. Oceń, czy podane zdania są prawdziwe czy nie. Zdanie I: Do przygotowania ciasta na 40 gofrów, przy zachowaniu właściwych proporcji odpowiednich składników, potrzeba 10 jajek Prawda
75%
Wyrażenie √81-√49 jest równe: A.2
65%
Z urny, w której jest wyłącznie 18 kul białych i 12 kul czarnych, losujemy 1 kulę. Oceń, czy zdania są prawdziwe, czy fałszywe. Zdanie I: Prawdopodobieństwo wylosowania kuli białej jest równe 3/5. Prawda
60%
Zdanie II: Do przygotowania ciasta na 72 gofry, przy zachowaniu właściwych proporcji odpowiednich składników, potrzeba 12 szklanek mleka Prawda
55%
Zdanie II: Prawdopodobieństwo wylosowania kuli czarnej jest mniejsze od 1/3 Fałsz
50%
Dostęp do pliku jest chroniony hasłem **T** złożonym z dwóch liczb dwucyfrowych oddzielonych literą T. Pierwsza liczba hasła to sześcian liczby 4, a druga to najmniejszy wspólny mianownik ułamków 1/15 i 1/25. Jakie jest hasło do pliku ? D.64T75
45%
Cena biletu do teatru jest o 64 zł większa od ceny biletu do kina. Za 4 bilety do teatru i 5 biletów do kina zapłacono łącznie 400zł. Ile kosztuje jeden bilet do teatru ? 80 zł
40%
Liczbę x powiększono o 7, a następnie otrzymany wynik zwiększono 4-krotnie. Liczbę y zwiększono 5-krotnie, a otrzymany wynik powiększono o 3. Która para wyrażeń algebraicznych poprawnie opisuje wykonane działania? A. 4(x + 7) oraz 5y + 3
40%
Iloraz 10^8/5^8 jest równy B. 2^8
40%
Iloczyn 2^6*25^3 jest równy D. 10^6
40%
W sadzie rosną drzewa owocowe: grusze i jabłonie. Liczba grusz jest o 40% większa od liczby jabłoni. Jabłoni jest o 50 mniej niż grusz. Ile jabłoni rośnie w tym sadzie ? D. 125
40%
Pociąg przebył ze stałą prędkością drogę 700 metrów w czasie 50 sekund. Przy zachowaniu tej samej, stałej prędkości ten sam pociąg drogę równą jego długości przebył w czasie 15 sekund. Jaka jest długość tego pociągu? 210 metrów
25%
Pewien ostrosłup ma 16 wierzchołków. Ile wierzchołków ma graniastosłup o takiej samej podstawie, jaką ma ten ostrosłup? B. 30
25%
Dane są cztery wyrażenia: G=2x^2+2 H=2x^2+2x J=2x^2-2 K=2x^2-2x Jedno z tych wyrażeń przyjmuje wartość 0 dla x=1 oraz dla x=-1. Które to wyrażenie ? C. J
20%
Nie znaleziono quizów pasujących do podanych kryteriów
Rozkład punktacji
Procent ludzi z każdym wynikiem
Percentyl według liczby udzielonych odpowiedzi
Twoja historia wyników
Nie rozwiązałeś tego quizu